A study on cognitive semantic features of motion verbs in English and Vietnamese fables
Introduction; Literature review and theoretical background; Methodology; ...
محفوظ في:
| المؤلف الرئيسي: | |
|---|---|
| مؤلفون آخرون: | |
| التنسيق: | غير معروف |
| اللغة: | English |
| منشور في: |
Đa Nang :
The University of Da Nang,
2013.
|
| الموضوعات: | |
| الوسوم: |
إضافة وسم
لا توجد وسوم, كن أول من يضع وسما على هذه التسجيلة!
|
| Thư viện lưu trữ: | Mạng thư viện Đại học Đà Nẵng |
|---|
| LEADER | 03081na a2200397 4500 | ||
|---|---|---|---|
| 001 | 000032054 | ||
| 003 | 8037 | ||
| 005 | 20230531090629.0 | ||
| 008 | 151001s2013 000 eng | ||
| 040 | |a LNN | ||
| 041 | |a ENG | ||
| 082 | |a 420.4 |b LÊ-C | ||
| 100 | |a Lê Thị Kim Chung | ||
| 245 | 1 | 2 | |a A study on cognitive semantic features of motion verbs in English and Vietnamese fables |h [Thesis-Luận văn thạc sĩ] / |c Le Thi Kim Chung ; Đinh Thi Minh Hiên hướng dẫn. |
| 246 | 1 | |a Nghiên cứu các đặc điểm ngữ nghĩa của các động từ chuyển động trong truyện ngụ ngôn tiếng Anh và tiếng việt dưới góc nhìn của ngôn ngữ học tri nhận. | |
| 260 | |a Đa Nang : |b The University of Da Nang, |c 2013. | ||
| 300 | |a vi, 82, 17 p. ; |c 29 cm. + |e 1 summary. | ||
| 500 | |a Include appendix and references. | ||
| 500 | |a Master thesis in the English language. Field: The English language. Code: 60.22.15. | ||
| 520 | 3 | |a Introduction; Literature review and theoretical background; Methodology; ... | |
| 630 | 0 | 4 | |a English language. |
| 650 | 0 | 4 | |a English language |x Verbs. |
| 700 | 1 | |a Đinh Thị Minh Hiền, |c Ph.D., |e Supervisor. | |
| OWN | |a LNN | ||
| AVA | |a UDN50 |b LNN |c English |d 420.4 LÊ-C |e available |t Error 5001 Not defined in file expand_doc_bib_avail. |f 1 |g 0 |h N |i 0 |j AN |k 1 | ||
| Z40 | 3 | |y A study on cognitive semantic features of motion verbs in English and Vietnamese fables |l Library of UFL |t VIEW |x http://catalog.udn.vn:80/F?func=service&doc_library=UDN01&local_base=UDN01&doc_number=000032054&sequence=000001&line_number=0001&func_code=DB_RECORDS&service_type=MEDIA |f SUMMARY_000025047.pdf |e pdf |s 000268886 |k 20230531 |m NTMTHI | |
| Z40 | 3 | |y A study on cognitive semantic features of motion verbs in English and Vietnamese fables |l Library of UFL |t VIEW |x http://catalog.udn.vn:80/F?func=service&doc_library=UDN01&local_base=UDN01&doc_number=000032054&sequence=000002&line_number=0002&func_code=DB_RECORDS&service_type=MEDIA |f NOIDUNGLUANVAN_000025049.pdf |e pdf |s 000585457 |k 20230531 |m NTMTHI | |
| 999 | |a From the UDN01 | ||
| AVA | |a UDN50 |b LNN |c English |d 420.4 LÊ-C |e available |t Error 5001 Not defined in file expand_doc_bib_avail. |f 1 |g 0 |h N |i 0 |j AN |k 1 | ||
| TYP | |a Printed language | ||
| 856 | |y A study on cognitive semantic features of motion verbs in English and Vietnamese fables |l Library of UFL |t VIEW |x http://catalog.udn.vn:80/F?func=service&doc_library=UDN01&local_base=UDN01&doc_number=000032054&sequence=000001&line_number=0001&func_code=DB_RECORDS&service_type=MEDIA |f SUMMARY_000025047.pdf |e pdf |s 000268886 |k 20230531 |m NTMTHI | ||
| 856 | |y A study on cognitive semantic features of motion verbs in English and Vietnamese fables |l Library of UFL |t VIEW |x http://catalog.udn.vn:80/F?func=service&doc_library=UDN01&local_base=UDN01&doc_number=000032054&sequence=000002&line_number=0002&func_code=DB_RECORDS&service_type=MEDIA |f NOIDUNGLUANVAN_000025049.pdf |e pdf |s 000585457 |k 20230531 |m NTMTHI | ||
| 980 | |a Mạng thư viện Đại học Đà Nẵng | ||